Flagi państw, ale nordyckie - Statystyki

Ogólne statystyki
  • Ten quiz został rozwiązany 3 630 razy
  • Średni wynik to 15 z 16
Statystyki odpowiedzi
Obrazkowy Hint Odpowiedź % Poprawnych
Brazylia
98%
Argentyna
97%
Indie
97%
Meksyk
97%
Chiny
96%
Korea Południowa
96%
Portugalia
96%
Australia
95%
Republika Południowej Afryki
95%
Korea Północna
93%
Pakistan
91%
Mongolia
90%
Etiopia
85%
Japonia
79%
Nepal
74%
Faktycznie proponowana flaga! Estonia
72%
Nie znaleziono quizów pasujących do podanych kryteriów
Rozkład punktacji
Procent ludzi z każdym wynikiem
Percentyl według liczby udzielonych odpowiedzi
Twoja historia wyników
Nie rozwiązałeś tego quizu